01258 a2200193 4500003000500000005001700005040000900022082001400031100001200045245003500057260004300092505060300135600002000738650003100758942001200789999001900801952012200820952012200942Nust20221017131437.0 cNust a604.2,BIN aBinns H aExamples in engineering drwing aLondonbEnglish University Pressc1948 aMachine Deign (Page-9),Factor Of Safety (Page-9), Wohlers Law (Page-9), Simple Stresses(Page-10), Stresses In Materials(Page-11),Section Changes (Page-12),List Of Core Diameters (Page-12),Cottered Joint Proportion (Page-14), Cottered Joint Design(Page-15), Coupling Proportion(Page-16), Knuckle Joints Proportion(Page-17), Knuckle Joint Design (Page-18), Coupling Proportion(Page-19), Coupling Design(Page-20), Keys(Page-21),Riveted Joints(Page-24),Bearings(Page-26),Thin Cylinders(Page-27),Gear-Box Calculation (Page-34), Numerical Examples(Page-34),List Of Drawing And Design Examples (Page-36). aH.Binns9100468 aEngineering Drawing973872 2ddccBK c183094d183094 00102ddc4070aMCSbMCScGENd2016-12-12o604.2,BINpMCS5972r2016-12-08w2016-12-12yBKzAlmirah No.26, Shelf No.1 00102ddc4070aMCSbMCScGENd2016-12-12o604.2,BINpMCS6003r2016-12-08w2016-12-12yBKzAlmirah No.26, Shelf No.1